Literature - American | 10 | 4 | 0 | 0 | 190 | 29 | 67.57 | 4 | 6 |
Literature - European | 12 | 1 | 0 | 0 | 190 | 29 | 52.46 | 2 | 8 |
Literature - British | 8 | 4 | 0 | 0 | 160 | 17 | 64.00 | 2 | 7 |
Literature - World and Miscellaneous | 7 | 4 | 0 | 0 | 145 | 16 | 65.36 | 3 | 3 |
Fine Arts - Painting | 3 | 3 | 0 | 0 | 75 | 27 | 80.00 | 0 | 1 |
RMP - Philosophy | 1 | 2 | 0 | 0 | 35 | 61 | 80.00 | 0 | 1 |
Social Science - Psychology | 2 | 0 | 0 | 0 | 30 | 26 | 36.00 | 0 | 2 |
Other - Other Academic and General Knowledge | 1 | 1 | 0 | 0 | 25 | 55 | 57.00 | 0 | 2 |
Fine Arts - Music | 1 | 1 | 0 | 0 | 25 | 55 | 80.00 | 0 | 0 |
Fine Arts - Opera | 0 | 2 | 0 | 0 | 20 | 106 | 115.00 | 0 | 0 |
Social Science - Linguistics | 1 | 0 | 0 | 0 | 15 | 27 | 27.00 | 1 | 1 |
History - Cross, Historiography, and Miscellaneous | 1 | 0 | 0 | 0 | 15 | 42 | 42.00 | 0 | 1 |
Social Science - Economics | 1 | 0 | 0 | 0 | 15 | 55 | 55.00 | 1 | 1 |
Social Science - Sociology | 0 | 1 | 0 | 0 | 10 | 72 | 72.00 | 0 | 0 |
Geography - Europe | 0 | 1 | 0 | 0 | 10 | 59 | 59.00 | 0 | 1 |
History - American | 0 | 1 | 0 | 0 | 10 | 106 | 106.00 | 0 | 0 |
RMP - East Asian Religion | 0 | 1 | 0 | 0 | 10 | 108 | 108.00 | 0 | 0 |
Science - Biology | 0 | 1 | 0 | 0 | 10 | 120 | 120.00 | 0 | 0 |
Fine Arts - Architecture | 0 | 0 | 0 | 0 | 0 | | 0.00 | 0 | 0 |